Cultura general por letra - E - Estadísticas

Estadísticas generales
  • Esta prueba ha sido intentada 5.205 veces
    4.448 desde el último reinicio
  • La puntuación promedio es 13 de 20
Estadísticas de respuestas
Pista Respuesta % Correcto
Piedra preciosa de color verde, nombre de mujer Esmeralda
93%
País europeo en la península Ibérica España
93%
Montaña más alta del mundo Everest
93%
Persona cuya profesión es redactar textos y obras literarias Escritor
91%
Aplicación de Microsoft para desarrollar hojas de cálculo Excel
90%
Acto de subir una montaña ayudándose de cuerdas, picos y poleas Escalar
88%
Rapero de tez blanca, que rompió el estereotipo de que sólo la gente de color podía hacer ese tipo de música Eminem
87%
País del Reino Unido, cuya capital también empieza con “E” Escocia
86%
Edificio en Nueva York, fue el más alto del mundo de 1931 - 1971 Empire State
85%
Síndrome donde una persona raptada comienza a desarrollar sentimientos por su captor Estocolmo
80%
Idioma hablado en Estonia Estonio
74%
Paquidermo de gran tamaño, originario de Asia y África Elefante
71%
Tipo de pastilla que, al entrar en contacto con un líquido, tiene una reacción química Efervescente
67%
Nombrado Sir, compositor inglés de “Rocket Man” y “Don’t Go Breaking my Heart” Elton John
57%
Lapsos de tiempo en los que se dividen las etapas de la Tierra Eras
50%
Pintor del Siglo de Oro español, nacido en Creta El Greco
36%
Actor estadounidense, protagonista de “Doctor Doolittle” y “El Profesor Chiflado” Eddie Murphy
30%
Tipo de estrella más común en la Vía Láctea Enana Roja
21%
Matemático griego, el primero en medir la circunferencia terrestre Eratóstenes
12%
Uno de los 7 enanos de Blancanieves (nombre hispanoamericano) Estornudo
11%
No se encontraron pruebas coincidentes
Distribución de puntuación
Porcentaje de gente con cada puntuación
Porcentaje por número respondido
Historial de tus puntuaciones
No has intentado esta prueba desde el último reinicio